Jinnah : Ethad se taqseem tak (Record no. 70635)

000 -LEADER
fixed length control field 00441nam a22001817a 4500
003 - CONTROL NUMBER IDENTIFIER
control field NUST - PNEC
005 - DATE AND TIME OF LATEST TRANSACTION
control field 20170116181144.0
008 - FIXED-LENGTH DATA ELEMENTS--GENERAL INFORMATION
fixed length control field 151008b xxu||||| |||| 00| 0 eng d
020 ## - INTERNATIONAL STANDARD BOOK NUMBER
International Standard Book Number -
040 ## - CATALOGING SOURCE
Transcribing agency LIBRARY
082 ## - DEWEY DECIMAL CLASSIFICATION NUMBER
Classification number 954.9042 SIN
100 ## - MAIN ENTRY--PERSONAL NAME
9 (RLIN) 14890
Personal name Singh, Jaswant
245 ## - TITLE STATEMENT
Title Jinnah : Ethad se taqseem tak
Statement of responsibility, etc. Jaswant Singh
250 ## - EDITION STATEMENT
Edition statement -
260 ## - PUBLICATION, DISTRIBUTION, ETC.
Date of publication, distribution, etc. 2009
650 ## - SUBJECT ADDED ENTRY--TOPICAL TERM
9 (RLIN) 1749
Topical term or geographic name entry element Urdu Literature
General subdivision General
942 ## - ADDED ENTRY ELEMENTS (KOHA)
Source of classification or shelving scheme
Koha item type Book
Holdings
Withdrawn status Lost status Source of classification or shelving scheme Damaged status Not for loan Permanent Location Current Location Shelving location Date acquired Total Checkouts Full call number Barcode Date last seen Price effective from Koha item type
          Pakistan Navy Engineering College (PNEC) Pakistan Navy Engineering College (PNEC)       954.9042 SIN PNECLIB-030461 10/08/2015   Book
© 2023 Central Library, National University of Sciences and Technology. All Rights Reserved.